00335nam a22001337a 4500003000400000008004100004020001800045082001500063100002500078245003900103260002700142300000800169700002400177OSt220611b ||||| |||| 00| 0 eng d a9789390421923 a005.73 RAE aRATNOO, Saroj Dahiya aEssentials of R for Data Analytics aNew DelhibWileyc2021 a317 aRatnoo,Himmat Singh